000 00655nam a2200229Ia 4500
003 OSt
005 20240626114510.0
008 210716s1974 xx 000 0 und d
020 _a0520026233
040 _cAIMIT LIBRARY
041 _aeng
082 _a374.22
_21
_bRICE
100 _aRice, Edward E.
_9171745
245 _aMao's way :
_cBy Edward E Rice.
250 _a1st ed.
260 _aLondon :
_bUniversity of california press ,
_c1974.
300 _a613p. ;
_bPB
_c23.2 cm
650 _aUnited front and civil war
_9171746
650 _2The red guard rebellion
650 _aThe shanghai storm
_9171747
942 _2ddc
_cBK
_e1st
_k374.22 RICE
999 _c201306
_d201306